| 000 | 00491cam a22002051 4500 | ||
|---|---|---|---|
| 001 | sa 64000446 | ||
| 003 | DLC | ||
| 005 | 20260227111956.0 | ||
| 008 | 881028s1963 xx 000 0 hino | ||
| 010 | _asa 64000446 | ||
| 035 | _a(OCoLC)23567856 | ||
| 040 |
_aDLC _cMiU _dDLC |
||
| 042 | _apremarc | ||
| 050 | 0 | 0 |
_aPK1718.S277 _bK3 |
| 100 | 1 | _aSanyal, Biswa Bandhu. | |
| 245 | 1 | 0 | _aKata ghāṭa kata ghaṭanā. |
| 260 | _c[1963] | ||
| 300 |
_a175 p. _c22 cm. |
||
| 500 | _aRomanized. | ||
| 999 |
_c56231 _d56231 |
||